Statistiken für Gabun-Quiz

Klicken Sie hier um das Quiz zu spielen!

Allgemein

  • Dieses Quiz wurde 676 mal gespielt
  • Das Durchschnittsergebnis liegt bei 13 aus 18

Antwortstatistiken

FrageAntwort% Korrekt
Breitengrad, der Gabun in Hälften teiltÄquator
98%
AmtsspracheFranzösisch
96%
NachbarlandRepublik Kongo
96%
NachbarlandKamerun
95%
85% der Fläche Gabuns ist von diesem Ökosystem bedecktRegenwald
93%
Inselstaat, 225 km westlich von GabunSão Tomé und Príncipe
93%
Gabun wurde 1960 von diesem Land unabhängigFrankreich
92%
NachbarlandÄquatorialguinea
91%
25% dieser Primaten weltweit leben in GabunGorilla
76%
Meeresgolf, an dem Gabun grenztGolf von {Guinea}
75%
Hauptexport von GabunErdöl
71%
Hauptstadt von GabunLibreville
71%
Mehr als die Hälfte der Exporte Gabuns werden zu diesem Land verschifftChina
65%
Torschützenkönig der Bundesliga 2016-17 mit Borussia DortmundPierre-Emerick Aubameyang
55%
Die Schlacht von Gabun war der einzig bedeutende Konflikt dieses Kriegs in ZentralafrikaZweiter Weltkrieg
46%
Staatspräsident von Gabun, 1967–2009
(der Name bezeichnet ebenfalls eine kubanische Trommel)
Omar {Bongo}
36%
Bedrohte Affenart mit charakteristische blau-rote Nase, die in Gabun vorkommtMandrill
32%
Zweitgrößte Stadt in GabunPort-{Gentil}
24%

Verteilung der Resultate

Perzentil nach korrekt beantworteten Fragen

Anzahl Personen mit jedem Resultat

Ihre Resultats-Entwicklung

Sie haben dieses Quiz noch nicht gespielt